Guatemala, prólogo y epílogo de una revolución
Guardado en:
| Autor principal: | |
|---|---|
| Formato: | Desconocido |
| Publicado: |
México, Distrito Federal
Cuadernos Americanos
c1964
|
| Materias: | |
| Etiquetas: |
Agregar Etiqueta
Sin Etiquetas, Sea el primero en etiquetar este registro!
|
MARC
| LEADER | 000000000a22000000004500 | ||
|---|---|---|---|
| 001 | 001989 | ||
| 041 | 0 | |a español | |
| 092 | 0 | |a 972.810.52 G958g | |
| 100 | 1 | |a Guillén, Fedro | |
| 245 | 1 | 0 | |a Guatemala, prólogo y epílogo de una revolución |
| 260 | |a México, Distrito Federal |b Cuadernos Americanos |c c1964 | ||
| 300 | |a 91 páginas | ||
| 500 | |a número de inscripción 02577 | ||
| 651 | 4 | |a GUATEMALA | |
| 650 | 4 | |a POLITICA Y GOBIERNO | |
| 650 | 4 | |a 1945-1985 | |
| 999 | |c 2872 |d 2872 | ||
